Creating database-backed library web pages: (Record no. 57348)

MARC details
000 -LEADER
fixed length control field 00852nam a22002177a 4500
005 - DATE AND TIME OF LATEST TRANSACTION
control field 2011100705045.0
010 ## - LCCN (DPL NO)
LC control number G-001671
020 ## - INTERNATIONAL STANDARD BOOK NUMBER
International Standard Book Number 9788170005605
Terms of availability 975.00
035 1d - SYSTEM CONTROL NUMBER
System control number G-001671
037 ## - SOURCE OF ACQUISITION
Source of stock number/acquisition Gift
082 ## - DEWEY DECIMAL CLASSIFICATION NUMBER
Classification number 006.76
100 ## - MAIN ENTRY--PERSONAL NAME
Personal name Westman, Stephen R.
245 E# - TITLE STATEMENT
Title Creating database-backed library web pages:
Statement of responsibility, etc by Stephen R. Westman
Remainder of title using pen source tools /
260 ## - PUBLICATION, DISTRIBUTION, ETC. (IMPRINT)
Place of publication, distribution, etc New Delhi
Name of publisher, distributor, etc Ess Ess Publication
Date of publication, distribution, etc 2009
270 ## - ADDRESS
Address 4837/24, Ansari Road, Daryaganj
City New Delhi
Postal code 110002
300 ## - PHYSICAL DESCRIPTION
Extent xii, 268p.
Dimensions 22cm(Hb)
500 ## - GENERAL NOTE
General note Includes glossary and index
942 ## - ADDED ENTRY ELEMENTS (KOHA)
Source of classification or shelving scheme Dewey Decimal Classification
Item type English Books
Classification part 006.76
Call number suffix WES
Holdings
Withdrawn status Lost status Not for loan Collection code Home library Current library Date acquired Source of acquisition Cost, normal purchase price Full call number Barcode Copy number Cost, replacement price Koha item type
      Non-fiction Janak Puri Janak Puri 07/10/2011 gift 975.00 006.76 WES G-001671 1 975.00 English Books

© Delhi Public Library
Hit Counter
free hit counter